<?xml version="1.0" encoding="UTF-8"?><?xml-stylesheet type="text/xsl" href="static/style.xsl"?><OAI-PMH xmlns="http://www.openarchives.org/OAI/2.0/" xmlns:xsi="http://www.w3.org/2001/XMLSchema-instance" xsi:schemaLocation="http://www.openarchives.org/OAI/2.0/ http://www.openarchives.org/OAI/2.0/OAI-PMH.xsd"><responseDate>2026-06-06T04:19:37Z</responseDate><request verb="GetRecord" identifier="oai:riuma.uma.es:10630/14396" metadataPrefix="marc">https://riuma.uma.es/rest/oai/request</request><GetRecord><record><header><identifier>oai:riuma.uma.es:10630/14396</identifier><datestamp>2026-02-03T10:52:50Z</datestamp><setSpec>com_10630_2254</setSpec><setSpec>col_10630_37953</setSpec></header><metadata><record xmlns="http://www.loc.gov/MARC21/slim" xmlns:dcterms="http://purl.org/dc/terms/" xmlns:doc="http://www.lyncode.com/xoai" xmlns:xsi="http://www.w3.org/2001/XMLSchema-instance" xsi:schemaLocation="http://www.loc.gov/MARC21/slim http://www.loc.gov/standards/marcxml/schema/MARC21slim.xsd">
   <leader>00925njm 22002777a 4500</leader>
   <datafield ind2=" " ind1=" " tag="042">
      <subfield code="a">dc</subfield>
   </datafield>
   <datafield ind2=" " ind1=" " tag="720">
      <subfield code="a">Romero-Jerez, Juan Manuel</subfield>
      <subfield code="e">author</subfield>
   </datafield>
   <datafield ind2=" " ind1=" " tag="720">
      <subfield code="a">López-Martínez, Francisco Javier</subfield>
      <subfield code="e">author</subfield>
   </datafield>
   <datafield ind2=" " ind1=" " tag="720">
      <subfield code="a">París-Ángel, José Francisco</subfield>
      <subfield code="e">author</subfield>
   </datafield>
   <datafield ind2=" " ind1=" " tag="720">
      <subfield code="a">Goldsmith, Andrea</subfield>
      <subfield code="e">author</subfield>
   </datafield>
   <datafield ind2=" " ind1=" " tag="260">
      <subfield code="c">2017</subfield>
   </datafield>
   <datafield ind2=" " ind1=" " tag="520">
      <subfield code="a">We introduce the fluctuating two-ray (FTR) fading model, a new statistical channel model that consists of two fluctuating specular components with random phases plus a diffuse component. The FTR model arises as the natural generalization of the two-wave with diffuse power (TWDP) fading model; this generalization allows its two specular components to exhibit a random amplitude fluctuation. Unlike the TWDP model, all the chief probability functions of the FTR fading model (PDF, CDF, and MGF) are expressed in closed-form, having a functional form similar to other state-of-the-art fading models. We also provide approximate closed-form expressions for the PDF and CDF in terms of a finite number of elementary functions, which allow for a simple evaluation of these statistics to an arbitrary level of precision. We show that the FTR fading model provides a much better fit than Rician fading for recent small-scale fading measurements in 28 GHz outdoor mm-wave channels. Finally, the performance of wireless communication systems over FTR fading is evaluated in terms of the bit error rate and the outage capacity, and the interplay between the FTR fading model parameters and the system performance is discussed. Monte Carlo simulations have been carried out in order to validate the obtained theoretical expressions.</subfield>
   </datafield>
   <datafield ind1="8" ind2=" " tag="024">
      <subfield code="a">J. M. Romero-Jerez, F. J. Lopez-Martinez, J. F. Paris and A. J. Goldsmith, "The Fluctuating Two-Ray Fading Model: Statistical Characterization and Performance Analysis," in IEEE Transactions on Wireless Communications, vol. 16, no. 7, pp. 4420-4432, July 2017.</subfield>
   </datafield>
   <datafield ind1="8" ind2=" " tag="024">
      <subfield code="a">1536-1276</subfield>
   </datafield>
   <datafield ind1="8" ind2=" " tag="024">
      <subfield code="a">http://hdl.handle.net/10630/14396</subfield>
   </datafield>
   <datafield tag="653" ind2=" " ind1=" ">
      <subfield code="a">Ondas electromagnéticas -- Propagación</subfield>
   </datafield>
   <datafield ind2="0" ind1="0" tag="245">
      <subfield code="a">The Fluctuating Two-Ray Fading Model: Statistical Characterization and Performance Analysis</subfield>
   </datafield>
</record>
</metadata></record></GetRecord></OAI-PMH>